Top 10 a zvyšok Slovenska

Regionálne rozdiely v mzdách a nezamestnanosti sa za posledné roky na Slovensku znížili, Bratislava však stále kraľuje. Čím východnejšie, tým chudobnejšie (Európa).

Gespeichert in:
Bibliographische Detailangaben
1. Verfasser: Lehuta, Michal
Format: Buchkapitel
Sprache:Slowakisch
Schlagworte:
Tags: Tag hinzufügen
Keine Tags, Fügen Sie das erste Tag hinzu!

MARC

LEADER 00000naa a2200000 4500
001 0150383
005 20231113075637.3
041 0 |a slo 
044 |a SK 
245 1 0 |a Top 10 a zvyšok Slovenska  |c Michal Lehuta 
520 |a Regionálne rozdiely v mzdách a nezamestnanosti sa za posledné roky na Slovensku znížili, Bratislava však stále kraľuje. Čím východnejšie, tým chudobnejšie (Európa). 
610 2 0 |a regióny 
610 2 0 |a disparita 
610 2 0 |a Slovensko 
610 2 0 |a Európa 
100 1 |a Lehuta, Michal